Atlas de la historia física y política de Chile
I tiakina i:
| Kaituhi matua: | |
|---|---|
| Hōputu: | Pukapuka |
| Reo: | Pāniora |
| I whakaputaina: |
Santiago, Chile
Cámara Chilena de la Construcción
2010
Santiago Pontificia Universidad Católica de Chile 2010 Santiago Dirección de Bibliotecas, Archivos y Museos 2010 |
| Rangatū: | Biblioteca Fundamentos de la Construcción de Chile,
30 |
| Ngā marau: | |
| Ngā Tūtohu: |
Tāpirihia he Tūtohu
Kāore He Tūtohu, Me noho koe te mea tuatahi ki te tūtohu i tēnei pūkete!
|
MARC
| LEADER | 00000cam a2200000 a 4500 | ||
|---|---|---|---|
| 001 | UCG6921 | ||
| 003 | CL-VaPUC | ||
| 005 | 20250121152149.0 | ||
| 008 | 110602e20100000cl |||||||||||||||||spa|d | ||
| 999 | |c 345029 |d 345027 | ||
| 020 | |a 9789568306083 (o.c) | ||
| 020 | |a 9789568306359 | ||
| 040 | |c Pontificia Universidad Católica de Valparaíso | ||
| 082 | 0 | 4 | |a 911.983 GAY 2010 |2 21 |
| 100 | |a Gay, Claudio, |e 1800-1873 |9 435569 | ||
| 245 | 1 | 0 | |a Atlas de la historia física y política de Chile |
| 260 | |a Santiago, Chile |b Cámara Chilena de la Construcción |c 2010 | ||
| 260 | |a Santiago |b Pontificia Universidad Católica de Chile |c 2010 | ||
| 260 | |a Santiago |b Dirección de Bibliotecas, Archivos y Museos |c 2010 | ||
| 300 | |a 403 páginas | ||
| 490 | 0 | |a Biblioteca Fundamentos de la Construcción de Chile, |v 30 | |
| 583 | |a last modification |c 20170711 02:14:51 |k Rodrigo Vera | ||
| 650 | 0 | |a Atlas histórico |z CHILE |9 440836 | |
| 650 | 0 | |a Geografía de Chile |9 268295 | |
| 650 | 0 | |a Costumbres y tradiciones |z CHILE |9 268292 | |
| 650 | 0 | |a Desarrollo cultural |z CHILE |9 267526 | |
| 650 | 0 | |a Historia natural |z CHILE |9 268584 | |
| 852 | |a BIBCUR | ||
| 942 | |c BK |2 ddc | ||
| 945 | |d 20110602 00:00:00 |a cmena | ||
| 952 | |0 0 |1 0 |2 ddc |4 0 |6 911_983000000000000_GAY_2010_2010_2010 |7 0 |8 A |9 443423 |a BIBHIS |b BIBHIS |d 2019-11-22 |i 4781562 |o 911.983 GAY 2010 2010 2010 |p 4781562 |r 2025-01-20 |t 1 |w 2019-11-22 |y BK |k HIS | ||
| 952 | |0 0 |1 0 |2 ddc |3 erb |4 0 |6 911_983000000000000_GAY_2010_2010_2010 |7 0 |8 A |9 443424 |a BIBHIS |b BIBHIS |i 5408504 |l 3 |m 2 |o 911.983 GAY 2010 2010 2010 |p 5408504 |r 2025-01-20 |s 2022-10-13 |t 2 |w 2019-11-22 |y BK |z Catalogado en:20170713 |k HIS | ||